|
|
|
|
| LEADER |
00000nam a2200000 a 4500 |
| 001 |
vtls001421344 |
| 003 |
SK-MaSNL |
| 005 |
20260301120631.0 |
| 008 |
130607s2001 xo 0 slo |
| 015 |
|
|
|a SNBJ2001/04-02520
|
| 035 |
|
|
|a SNK000376195
|
| 040 |
|
|
|a SNK
|b slo
|c SNK
|e AACR2
|
| 044 |
|
|
|a xo
|c SK
|
| 080 |
|
|
|a 784.66:785.1(086.7)
|2 1981
|
| 245 |
1 |
|
|a Elán. Otázniky . Všetko, čo máš
|h zvukový dokument
|
| 260 |
|
|
|a Praha
|b BMG Ariola
|c 2001
|
| 300 |
|
|
|a 1 kompaktná platňa (6 min. 32 sek.)
|b stereo
|
| 500 |
|
|
|a Obal Alan Lesyk
|
| 505 |
0 |
|
|a Obsahuje 2 piesne
|
| 511 |
|
|
|a Účinkuje Elán
|
| 650 |
0 |
7 |
|a populárna hudba
|x platne komapktné
|2 SNK
|9 298567
|
| 655 |
|
7 |
|a kompaktné platne
|2 SNK
|9 70690
|
| 700 |
1 |
|
|a Lesyk, Alan,
|d 1944-
|4 gup
|9 37062
|
| 710 |
0 |
|
|a Elán (hudobná skupina)
|4 uci
|9 34449
|
| 999 |
|
|
|c 726558
|d 728488
|
| 952 |
|
|
|t P60, <03>, [BOOK], {603}
|a SNK
|b SNK
|y PREZ
|7 0
|p 17A0316070
|o snkSCD 1232
|i snkJK 801/2001
|0 0
|1 0
|4 0
|d 2001-09-26
|l 0
|r 2005-01-02 00:00:00
|w 2026-02-23
|